NonliNear Optical Properties of semiconductor quantum wells / (Record no. 178817)

MARC details
000 -LEADER
fixed length control field 01349namaa22003251i 4500
005 - أخر تعامل مع التسجيلة
control field 20260405130325.0
008 - FIXED-LENGTH DATA ELEMENTS--GENERAL INFORMATION
fixed length control field 260303s1993 ua a|||frm||| 000 0 eng d
040 ## - CATALOGING SOURCE
Original cataloguing agency EG-GICUC
Language of cataloging eng
Transcribing agency EG-GICUC
Modifying agency EG-GICUC
Description conventions rda
041 0# - LANGUAGE CODE
Language code of text/sound track or separate title eng
Language code of summary or abstract eng
-- ara
049 ## - Acquisition Source
Acquisition Source Deposit
097 ## - Degree
Degree M.Sc
099 ## - LOCAL FREE-TEXT CALL NUMBER (OCLC)
Local Call Number Cai01.12.20.M.Sc.1993.He.N
100 0# - MAIN ENTRY--PERSONAL NAME
Authority record control number or standard number Hekmat Mohamed Hassanain,
Preparation preparation.
245 10 - TITLE STATEMENT
Title NonliNear Optical Properties of semiconductor quantum wells /
Remainder of title
Statement of responsibility, etc. By Hekmat Mohamed Hassanain ; Supervised Prof. Lotfia El-Nadi, Prof. S. Abd El-Zaher, Prof. S. Montasser
246 15 - VARYING FORM OF TITLE
Title proper/short title الخواص الضوئية الغير خطية للابار الكمية لاشباه الموصلات
264 #0 - PRODUCTION, PUBLICATION, DISTRIBUTION, MANUFACTURE, AND COPYRIGHT NOTICE
Date of production, publication, distribution, manufacture, or copyright notice 1993.
300 ## - PHYSICAL DESCRIPTION
Extent multi-number
Other physical details illustrations
Dimensions 30 cm. +
336 ## - CONTENT TYPE
Source rda content
Content type term text
337 ## - MEDIA TYPE
Source rdamedia
Media type term Unmediated
338 ## - CARRIER TYPE
Source rdacarrier
Carrier type term volume
502 ## - DISSERTATION NOTE
Dissertation note Thesis (M.Sc.)-Cairo University, 1993
504 ## - BIBLIOGRAPHY, ETC. NOTE
Bibliography, etc. note Bibliography: pages 74-76
653 #0 - INDEX TERM--UNCONTROLLED
Uncontrolled term semiconductor quantum wells
700 0# - ADDED ENTRY--PERSONAL NAME
Personal name Lotfia El-Nadi
Relator term thesis advisor.
700 0# - ADDED ENTRY--PERSONAL NAME
Personal name S. Abd El-zaher
Relator term thesis advisor.
700 0# - ADDED ENTRY--PERSONAL NAME
Personal name S. Montasser
Relator term thesis advisor.
900 ## - Thesis Information
Department Department of Physics
Faculties Faculty of National Research Center
Universities Cairo University
Grant date 1993
Supervisory body Lotfia El-Nadi
-- S. Abd El-zaher
-- S. Montasser
905 ## - Cataloger and Reviser Names
Cataloger Name Nehad
Reviser Names Nourhan
942 ## - ADDED ENTRY ELEMENTS (KOHA)
Source of classification or shelving scheme Dewey Decimal Classification
Koha item type Thesis
Edition 21
Suppress in OPAC No
Holdings
Source of classification or shelving scheme Home library Current library Date acquired Inventory number Full call number Barcode Date last seen Effective from Koha item type
Dewey Decimal Classification المكتبة المركزبة الجديدة - جامعة القاهرة مكتبة المئوية 03.03.2026 25225 Cai01.12.20.M.Sc.1993.He.N 01010110025225000 03.03.2026 03.03.2026 Thesis
Cairo University Libraries Portal Implemented & Customized by: Eng. M. Mohamady Contacts: new-lib@cl.cu.edu.eg | cnul@cl.cu.edu.eg
CUCL logo CNUL logo
© All rights reserved — Cairo University Libraries
CUCL logo
Implemented & Customized by: Eng. M. Mohamady Contact: new-lib@cl.cu.edu.eg © All rights reserved — New Central Library
CNUL logo
Implemented & Customized by: Eng. M. Mohamady Contact: cnul@cl.cu.edu.eg © All rights reserved — Cairo National University Library